Využitie moderných stochastických metód v analýze cestovného ruchu v podmienkach Slovenskej republiky správa o výsledkoch riešenia projektu PMVP I-19-102-00
Gespeichert in:
| 1. Verfasser: | |
|---|---|
| Körperschaften: | , |
| Weitere Verfasser: | , , , |
| Format: | Buch |
| Sprache: | Slowakisch |
| Veröffentlicht: |
Bratislava
2019
|
| Schlagworte: | |
| Tags: |
Keine Tags, Fügen Sie das erste Tag hinzu!
|
MARC
| LEADER | 00000nam a2200000 4500 | ||
|---|---|---|---|
| 001 | 0261568 | ||
| 005 | 20240514134434.6 | ||
| 041 | 0 | |a slo | |
| 044 | |a SK | ||
| 245 | 1 | 0 | |a Využitie moderných stochastických metód v analýze cestovného ruchu v podmienkach Slovenskej republiky |b správa o výsledkoch riešenia projektu PMVP I-19-102-00 |c zodpovedný riešiteľ: Jozef Gáll, spoluriešitelia: Marek Strežo, Martina Naňáková ; posudzovatelia: Ľudovít Pinda, Pavol Plesník |
| 264 | 1 | |a Bratislava |c 2019 | |
| 300 | |a 13 s. | ||
| 610 | 2 | 0 | |a metódy |
| 610 | 2 | 0 | |a ruch cestovný |
| 610 | 2 | 0 | |a Slovensko |
| 610 | 2 | 0 | |a štatistika |
| 610 | 2 | 0 | |a regióny |
| 610 | 2 | 0 | |a zamestnanosť |
| 610 | 2 | 0 | |a rozvoj hospodársky |
| 100 | 1 | |a Gáll, Jozef, 1991- | |
| 700 | 1 | |a Strežo, Marek, 1990- | |
| 700 | 1 | |a Naňáková, Martina, 1990- | |
| 700 | 1 | |a Pinda, Ľudovít, 1958- | |
| 700 | 1 | |a Plesník, Pavol, 1956- | |
| 710 | 2 | |a Obchodná fakulta EU. Katedra služieb a cestovného ruchu - zrušené | |
| 710 | 2 | |a Fakulta hospodárskej informatiky EU. Katedra matematiky a aktuárstva | |